Дискурс понимающей культурфилософии как дискурс современной постнеклассической философии

書目詳細資料
主要作者: Колодий Н. А. Наталия Андреевна
企業作者: Томский политехнический университет
語言:俄语
出版: Томск, Дельтаплан, 2000
主題:
格式: 圖書
KOHA link:https://koha.lib.tpu.ru/cgi-bin/koha/opac-detail.pl?biblionumber=24932

MARC

LEADER 00000nam0a2200000 4500
001 24932
005 20240222174533.0
010 |a 5941540019 
035 |a (RuTPU)RU\TPU\book\25165 
035 |a BOOK00025238 
090 |a 24932 
100 |a 20011209d2000 km y0rusy50 ca 
101 0 |a rus 
102 |a RU 
105 |a y z 000zy 
200 1 |a Дискурс понимающей культурфилософии как дискурс современной постнеклассической философии  |f Н. А. Колодий  |g Томский политехнический университет 
210 |a Томск  |c Дельтаплан  |d 2000 
215 |a 236 с. 
610 1 |a философия 
610 1 |a культура 
610 1 |a культурология 
610 1 |a постнеклассическая философия 
610 1 |a дискурс 
686 |a Ю671  |2 rubbk 
686 |a Ч111  |2 rubbk 
700 1 |a Колодий  |b Н. А.  |c специалист в области культурологии и социальной коммуникации  |c профессор Томского политехнического университета, кандидат философских наук  |f 1958-  |g Наталия Андреевна  |3 (RuTPU)RU\TPU\pers\27134  |9 12674 
712 0 2 |a Томский политехнический университет  |3 (RuTPU)RU\TPU\col\376 
801 0 |a RU  |b 63413507  |c 20011209  |g PSBO 
801 2 |a RU  |b 63413507  |c 20161103  |g PSBO 
942 |c BK